Деструкция токсичных органических соединений в сточных водах на полимерном волокнистом катализаторе; Экология и промышленность России; № 3

Dades bibliogràfiques
Parent link:Экология и промышленность России: ежемесячный общественный научно-технический журнал.— , 2001-
№ 3.— 2003.— С. 7-9
Altres autors: Витковская Р. Ф., Румынская И. Г., Хаддерсман К. Д., Ищенко В. В.
Idioma:rus
Publicat: 2003
Col·lecció:Инженерные решения
Matèries:
Format: MixedMaterials Capítol de llibre
KOHA link:https://koha.lib.tpu.ru/cgi-bin/koha/opac-detail.pl?biblionumber=385733

MARC

LEADER 00000naa2a2200000 4500
001 385733
005 20231101063410.0
035 |a (RuTPU)RU\TPU\prd\13804 
090 |a 385733 
100 |a 20030516a2003 k y0rusy50 ca 
101 0 |a rus 
102 |a RU 
200 1 |a Деструкция токсичных органических соединений в сточных водах на полимерном волокнистом катализаторе  |f Р. Ф. Витковская, И. Г. Румынская, К. Д. Хаддерсман, В. В. Ищенко 
225 1 |a Инженерные решения 
320 |a Библиогр.: 3 назв. 
461 1 |0 (RuTPU)RU\TPU\prd\1141  |t Экология и промышленность России  |o ежемесячный общественный научно-технический журнал  |d 2001- 
463 1 |0 (RuTPU)RU\TPU\prd\13771  |t № 3  |v С. 7-9  |d 2003 
610 1 |a токсичные соедитения 
610 1 |a органические соединения 
610 1 |a сточные воды 
610 1 |a катализаторы 
610 1 |a деструкция 
610 1 |a текстильная промышленность 
610 1 |a красильные производства 
701 1 |a Витковская  |b Р. Ф. 
701 1 |a Румынская  |b И. Г. 
701 1 |a Хаддерсман  |b К. Д. 
701 1 |a Ищенко  |b В. В. 
801 1 |a RU  |b 63413507  |c 20030516  |g PSBO 
942 |c BK